00739 2200193 4500245009000000020002200090250001100112100002000123700002100143650001400164650002000178005001900198260003400217041001400251084001000265300002600275500023500301336000900536 aRevitalisasi Pancasila b : Sebagai Pembentuk Karakter BangsacHelmi Ahdiat R.hText a978-602-8844-35-2 aCet. 1 aHelmi Ahdiat R. aP. Oktavianawati aPancasila aKarakter Bangsa a20240506095106 aJakartabNobel Edumediac2011 aIndonesia a320.5 avi, 86 hlm. :c25 cm. aBuku ini mencoba memberikan gambaran hilangnya karakter dan budaya bangsa Indonesia yang dikarenakan ketidaksiapan dalam menghadapi era globalisasi dan juga karena kurangnya penghayatan, dan pengamalan nilai-nilai luhur pancasila. atext